Etica profesional del abogado: principios generales y comentarios al nuevo Código de Etica Profesional del Colegio de Abogados de Chile
Saved in:
| Hovedforfatter: | |
|---|---|
| Andre forfattere: | |
| Format: | Bog |
| Sprog: | spansk |
| Udgivet: |
Santiago
Universidad de Los Andes
2013
|
| Udgivelse: | 1a. ed |
| Serier: | Cuadernos de Extensión Jurídica, 24
|
| Fag: | |
| Tags: |
Tilføj Tag
Ingen Tags, Vær først til at tagge denne postø!
|
MARC
| LEADER | 00000cam a2200000 a 4500 | ||
|---|---|---|---|
| 001 | UCE1811 | ||
| 003 | CL-VaPUC | ||
| 005 | 20220120134920.0 | ||
| 008 | 140519e20130000cl |||||||||||||||||spa|d | ||
| 999 | |c 355497 |d 355495 | ||
| 020 | |a 9789567160822 | ||
| 040 | |c Pontificia Universidad Católica de Valparaíso | ||
| 082 | 0 | 4 | |a 174.3 |b CON |2 21 |
| 100 | |a Contreras Aguirre, Sebastián |e autor |9 865914 | ||
| 245 | 1 | 0 | |a Etica profesional del abogado: principios generales y comentarios al nuevo Código de Etica Profesional del Colegio de Abogados de Chile |
| 250 | |a 1a. ed | ||
| 260 | |a Santiago |b Universidad de Los Andes |c 2013 | ||
| 300 | |a 312 p | ||
| 490 | 0 | |a Cuadernos de Extensión Jurídica, 24 | |
| 583 | |a last modification |c 20140519 10:12:00 |k Rodrigo Vera | ||
| 650 | 0 | |a Etica profesional |9 255694 | |
| 650 | 7 | |a ETICA DEL ABOGADO |2 CL-VaPUC |9 431599 | |
| 650 | 7 | |a CONDUCTA ETICA |2 CL-VaPUC |9 256932 | |
| 700 | |a Miranda Montecinos, Alejandro |e autor |9 594390 | ||
| 942 | |c BK |2 ddc | ||
| 945 | |d 20140519 10:12:00 |a dcastane | ||
| 952 | |0 0 |1 0 |3 erb |4 0 |6 174_300000000000000_CON_2013 |7 0 |8 A |9 462251 |a BIBDER |b BIBDER |i 5080703 |l 3 |m 1 |o 174.3 CON 2013 |p 5080703 |r 2023-04-27 |s 2023-04-19 |w 2019-11-23 |y BK |z Catalogado en:20140519 |k DER | ||